[Event "Mexico City UNAM op"]
[Site "Mexico City"]
[Date "2012.11.24"]
[Round "5"]
[White "Otero Acosta, Diasmany"]
[Black "De la Paz Perdomo, Frank"]
[Result "1/2-1/2"]
[WhiteElo "2443"]
[BlackElo "2436"]
[PlyCount "31"]
[EventDate "2012.11.21"]
[EventType "swiss"]
[EventRounds "9"]
[EventCountry "MEX"]
[SourceTitle "CBM 151 Extra"]
[Source "ChessBase"]
[SourceDate "2012.12.18"]
[SourceVersion "1"]
[SourceVersionDate "2012.12.18"]
[SourceQuality "1"]

1. d4 Nf6 2. c4 g6 3. Nc3 Bg7 4. e4 d6 5. Nf3 0-0 6. h3 Na6 7. Bg5 Qe8 8. Be2 e5 9. d5 Nh5 10. g3 f5 11. exf5 gxf5 12. Nh4 Nf6 13. g4 f4 14. Nf5 Bxf5 15. gxf5 Nc5 16. Qc2 1/2-1/2

[Event "FIDE World Cup"]
[Site "Khanty-Mansiysk"]
[Date "2011.08.29"]
[Round "1.2"]
[White "Radjabov, Teimour"]
[Black "De la Paz Perdomo, Frank"]
[Result "1-0"]
[WhiteElo "2744"]
[BlackElo "2477"]
[PlyCount "83"]
[EventDate "2011.08.28"]
[EventType "k.o."]
[EventRounds "7"]
[EventCountry "RUS"]
[SourceTitle "CBM 145"]
[Source "ChessBase"]
[SourceDate "2011.11.11"]
[SourceVersion "1"]
[SourceVersionDate "2011.11.11"]
[SourceQuality "1"]

1. e4 e5 2. Nf3 Nc6 3. d4 exd4 4. Nxd4 Bc5 5. Nb3 Bb6 6. Nc3 Nge7 7. Bg5 f6 8. Bh4 0-0 9. Qd2 d6 10. 0-0-0 Kh8 11. f4 a5 12. Bb5 Be6 13. Kb1 Na7 14. Ba4 c6 15. f5 Bc8 16. g4 Bc7 17. Nd4 b5 18. Bb3 a4 19. Ne6 Bxe6 20. Bxe6 b4 21. Ne2 Nb5 22. g5 fxg5 23. Qxg5 Ng8 24. Qg3 d5 25. Bxd8 Bxg3 26. hxg3 Rfxd8 27. Nf4 h6 28. exd5 cxd5 29. Nxd5 a3 30. Nxb4 Rdb8 31. Bb3 axb2 32. Kxb2 Nf6 33. Rh4 Rb6 34. Nd5 Rd6 35. Rb4 Na7 36. Ra4 Nd7 37. Ra5 Ne5 38. Re1 Nec6 39. Ra6 Rb8 40. Ne7 Rf6 41. Nxc6 Nxc6 42. Re6 1-0

[Event "FIDE World Cup"]
[Site "Khanty-Mansiysk"]
[Date "2011.08.28"]
[Round "1.1"]
[White "De la Paz Perdomo, Frank"]
[Black "Radjabov, Teimour"]
[Result "0-1"]
[WhiteElo "2477"]
[BlackElo "2744"]
[PlyCount "70"]
[EventDate "2011.08.28"]
[EventType "k.o."]
[EventRounds "7"]
[EventCountry "RUS"]
[SourceTitle "CBM 145"]
[Source "ChessBase"]
[SourceDate "2011.11.11"]
[SourceVersion "1"]
[SourceVersionDate "2011.11.11"]
[SourceQuality "1"]

1. e4 c5 2. Nf3 Nc6 3. Bb5 e6 4. c3 a6 5. Ba4 c4 6. 0-0 Nge7 7. d4 cxd3 8. Qxd3 Ng6 9. Bxc6 bxc6 10. b3 Be7 11. Ba3 c5 12. Qe3 Qc7 13. Nbd2 0-0 14. c4 Bb7 15. Bb2 f5 16. Rfe1 Rf7 17. Rad1 Raf8 18. Qc3 Bf6 19. e5 Be7 20. Qe3 Qc6 21. Re2 h6 22. Ba3 Rc8 23. Ree1 Bg5 24. Qe2 Nf4 25. Qf1 Bd8 26. Re3 g5 27. Nb1 g4 28. Rd6 Qc7 29. Ne1 Be7 30. Bb2 Bxd6 31. exd6 Qc6 32. Be5 Nh3+ 33. Kh1 f4 34. Rxh3 gxh3 35. Nf3 Rg7 0-1

[Event "Capablanca Memorial op-A 46th"]
[Site "Havana"]
[Date "2011.05.17"]
[Round "6"]
[White "Gomez Garrido, Camilo Ernesto"]
[Black "De la Paz Perdomo, Frank"]
[Result "1-0"]
[WhiteElo "2516"]
[BlackElo "2452"]
[PlyCount "81"]
[EventDate "2011.05.11"]
[EventType "swiss"]
[EventRounds "10"]
[EventCountry "CUB"]
[SourceTitle "CBM 142 Extra"]
[Source "ChessBase"]
[SourceDate "2011.06.27"]
[SourceVersion "1"]
[SourceVersionDate "2011.06.27"]
[SourceQuality "1"]

1. e4 e5 2. Nf3 Nc6 3. Bb5 Bc5 4. 0-0 Nf6 5. Nxe5 Nxe4 6. Qe2 Nxe5 7. Qxe4 Qe7 8. Re1 Nc6 9. c3 d5 10. Qxe7+ Bxe7 11. d4 Be6 12. Bf4 0-0-0 13. Bxc6 bxc6 14. b4 Bd6 15. Be5 Rhg8 16. Nd2 Rde8 17. f3 h5 18. Kf2 Kd7 19. Nf1 f6 20. Bxd6 cxd6 21. Re3 Bf5 22. h4 Rxe3 23. Nxe3 Be6 24. Rb1 Rb8 25. Rb3 Rb7 26. Ra3 Kc7 27. Ra6 Bd7 28. g4 hxg4 29. fxg4 Kd8 30. Kf3 Rc7 31. Ra5 g6 32. Kf4 Be8 33. c4 dxc4 34. Nxc4 d5 35. Nd6 Bd7 36. Nf7+ Ke7 37. Nh6 Kf8 38. g5 Kg7 39. Ra3 fxg5+ 40. hxg5 Rc8 41. Rxa7 1-0

[Event "Capablanca Memorial op-A 46th"]
[Site "Havana"]
[Date "2011.05.15"]
[Round "5"]
[White "De la Paz Perdomo, Frank"]
[Black "Bacallao Alonso, Yusnel"]
[Result "1/2-1/2"]
[WhiteElo "2452"]
[BlackElo "2530"]
[PlyCount "60"]
[EventDate "2011.05.11"]
[EventType "swiss"]
[EventRounds "10"]
[EventCountry "CUB"]
[SourceTitle "CBM 142 Extra"]
[Source "ChessBase"]
[SourceDate "2011.06.27"]
[SourceVersion "1"]
[SourceVersionDate "2011.06.27"]
[SourceQuality "1"]

1. e4 c5 2. Nf3 d6 3. d4 cxd4 4. Nxd4 Nf6 5. Nc3 a6 6. Be3 e5 7. Nf3 Qc7 8. a4 h6 9. Be2 Be7 10. 0-0 Be6 11. a5 Qc6 12. Ne1 Nbd7 13. Nd3 d5 14. exd5 Nxd5 15. Nxd5 Bxd5 16. Bg4 0-0 17. Bxd7 Qxd7 18. Nxe5 Qe6 19. Bd4 Rad8 20. Re1 Bd6 21. c3 Bxe5 22. Rxe5 Qg6 23. Qf1 Rfe8 24. Rae1 f6 25. R5e3 Rxe3 26. Rxe3 Re8 27. Rg3 Qf5 28. h3 Kh7 29. Qd1 Bc6 30. b4 Re7 1/2-1/2

[Event "Capablanca Memorial op-A 46th"]
[Site "Havana"]
[Date "2011.05.13"]
[Round "3"]
[White "De la Paz Perdomo, Frank"]
[Black "Garcia Martinez, Omar"]
[Result "1-0"]
[WhiteElo "2452"]
[BlackElo "2318"]
[PlyCount "67"]
[EventDate "2011.05.11"]
[EventType "swiss"]
[EventRounds "10"]
[EventCountry "CUB"]
[SourceTitle "CBM 142 Extra"]
[Source "ChessBase"]
[SourceDate "2011.06.27"]
[SourceVersion "1"]
[SourceVersionDate "2011.06.27"]
[SourceQuality "1"]

1. e4 e5 2. Bc4 Nf6 3. d3 c6 4. Nf3 Be7 5. 0-0 d6 6. c3 0-0 7. Nbd2 Nbd7 8. Re1 h6 9. h3 Re8 10. Nf1 Bf8 11. Ng3 b5 12. Bb3 a5 13. d4 a4 14. Bc2 g6 15. Be3 Bb7 16. Qd2 Kh7 17. b3 exd4 18. cxd4 c5 19. bxa4 bxa4 20. d5 Qa5 21. Qc1 c4 22. Rb1 Reb8 23. Bd4 Qc7 24. Rb4 Bc8 25. Rxa4 Ne5 26. Re3 Nfd7 27. Rc3 Bg7 28. Nxe5 Nxe5 29. Bxe5 Bxe5 30. Raxc4 Qa5 31. Rf3 Kg7 32. Bb3 Bd7 33. Nf1 Rb7 34. Qd2 1-0

[Event "American Continental 07th"]
[Site "Toluca"]
[Date "2011.04.22"]
[Round "6"]
[White "De la Paz Perdomo, Frank"]
[Black "Gonzalez Garcia, Jose"]
[Result "1-0"]
[WhiteElo "2473"]
[BlackElo "2511"]
[PlyCount "99"]
[EventDate "2011.04.19"]
[EventType "swiss"]
[EventRounds "9"]
[EventCountry "MEX"]
[SourceTitle "CBM 141 Extra"]
[Source "ChessBase"]
[SourceDate "2011.05.03"]
[SourceVersion "1"]
[SourceVersionDate "2011.05.03"]
[SourceQuality "1"]

1. e4 c5 2. Nf3 e6 3. d4 cxd4 4. Nxd4 Nc6 5. Nc3 Qc7 6. Be3 Nf6 7. Bd3 a6 8. 0-0 Ne5 9. Nf3 Nfg4 10. Nxe5 Nxe3 11. Qh5 g6 12. Qf3 Qxe5 13. fxe3 f6 14. Qxf6 Qxf6 15. Rxf6 Bg7 16. Rf3 b5 17. Raf1 Bb7 18. Nd1 Be5 19. c3 g5 20. Rh3 h5 21. g4 hxg4 22. Rxh8+ Bxh8 23. Nf2 Ke7 24. Nxg4 Bg7 25. e5 Rf8 26. Rxf8 Kxf8 27. Kf2 Ke7 28. e4 d6 29. Kf3 Bc6 30. b4 Bxe5 31. Nxe5 dxe5 32. Ke3 Bd7 33. Kd2 Kd6 34. Kc2 Bc6 35. Kb2 Bd7 36. a4 Be8 37. a5 Bc6 38. Kc2 Bb7 39. Kd2 Bc6 40. Ke3 Ke7 41. c4 bxc4 42. Bxc4 Bb7 43. Kf3 Kf6 44. h3 Bc8 45. b5 axb5 46. Bxb5 Bb7 47. a6 Bc8 48. Ke3 Kg6 49. Kd3 Kh5 50. a7 1-0

[Event "American Continental 07th"]
[Site "Toluca"]
[Date "2011.04.19"]
[Round "9"]
[White "De la Paz Perdomo, Frank"]
[Black "Quesada Perez, Yuniesky"]
[Result "0-1"]
[WhiteElo "2473"]
[BlackElo "2620"]
[PlyCount "80"]
[EventDate "2011.04.19"]
[EventType "swiss"]
[EventRounds "9"]
[EventCountry "MEX"]
[SourceTitle "CBM 141 Extra"]
[Source "ChessBase"]
[SourceDate "2011.05.03"]
[SourceVersion "1"]
[SourceVersionDate "2011.05.03"]
[SourceQuality "1"]

1. e4 c5 2. Nf3 e6 3. d4 cxd4 4. Nxd4 Nc6 5. Nc3 Qc7 6. Be3 a6 7. Bd3 Nf6 8. 0-0 b5 9. Nb3 Be7 10. f4 d6 11. Qf3 Bb7 12. Rae1 h5 13. h3 g6 14. Qf2 Nb4 15. Bd4 Nxd3 16. cxd3 0-0 17. a3 Kh7 18. Nd1 Rac8 19. e5 Nd5 20. Ne3 Nxe3 21. Rxe3 Qc2 22. Qxc2 Rxc2 23. Rf2 Rfc8 24. Ree2 Rxe2 25. Rxe2 dxe5 26. fxe5 Bd5 27. Nd2 Rc1+ 28. Nf1 Bh4 29. Bf2 Bg5 30. Be1 Rd1 31. Bd2 Bh4 32. Re3 Kg7 33. Re2 Bg3 34. Re3 h4 35. Re2 Kh7 36. Re3 g5 37. Re2 Kg6 38. Re3 Kf5 39. d4 Bf4 40. Re2 Rxd2 0-1

[Event "Capablanca Memorial op 45th"]
[Site "Havana"]
[Date "2010.06.18"]
[Round "8"]
[White "De la Paz Perdomo, Frank"]
[Black "Obregon Rivero, Juan Carlos"]
[Result "0-1"]
[WhiteElo "2477"]
[BlackElo "2410"]
[PlyCount "75"]
[EventDate "2010.06.10"]
[EventType "swiss"]
[EventRounds "10"]
[EventCountry "CUB"]
[SourceTitle "CBM 137 Extra"]
[Source "ChessBase"]
[SourceDate "2010.09.01"]
[SourceVersion "1"]
[SourceVersionDate "2010.09.01"]
[SourceQuality "1"]

1. b3 Nf6 2. Bb2 g6 3. g3 Bg7 4. Bg2 0-0 5. c4 d6 6. d3 c5 7. e3 Nc6 8. Ne2 h5 9. 0-0 Rb8 10. Nbc3 a6 11. d4 cxd4 12. exd4 Bd7 13. d5 Ne5 14. h3 Nh7 15. Kh1 Bf5 16. Ne4 Qc8 17. Ng1 b5 18. f4 Nd7 19. Bxg7 Kxg7 20. Rc1 Qd8 21. Nf2 bxc4 22. Qd4+ Nhf6 23. Rxc4 Kg8 24. Re1 Qa5 25. Rxe7 Qxa2 26. g4 hxg4 27. hxg4 Bxg4 28. Nxg4 Nxg4 29. Rxd7 Rxb3 30. Rc3 Rxc3 31. Qxc3 Qa4 32. Rc7 Qxf4 33. Nf3 Qf5 34. Qd2 Rb8 35. Rc1 Rb1 36. Rxb1 Qxb1+ 37. Ng1 Qb6 38. Qf4 0-1

[Event "Capablanca Memorial op 45th"]
[Site "Havana"]
[Date "2010.06.17"]
[Round "7"]
[White "Gonzalez Vidal, Yuri"]
[Black "De la Paz Perdomo, Frank"]
[Result "0-1"]
[WhiteElo "2543"]
[BlackElo "2477"]
[PlyCount "72"]
[EventDate "2010.06.10"]
[EventType "swiss"]
[EventRounds "10"]
[EventCountry "CUB"]
[SourceTitle "CBM 137 Extra"]
[Source "ChessBase"]
[SourceDate "2010.09.01"]
[SourceVersion "1"]
[SourceVersionDate "2010.09.01"]
[SourceQuality "1"]

1. e4 e5 2. Nf3 Nc6 3. Bc4 Bc5 4. c3 Nf6 5. d3 a6 6. Bb3 d6 7. 0-0 0-0 8. h3 Re8 9. Re1 h6 10. Nbd2 Ba7 11. Nf1 Be6 12. N3h2 d5 13. Qf3 dxe4 14. dxe4 Nh7 15. Qg3 Bxb3 16. axb3 Re6 17. h4 Nf6 18. b4 Rd6 19. Qf3 Rd3 20. Be3 Nd4 21. cxd4 exd4 22. e5 dxe3 23. fxe3 Nd5 24. e6 fxe6 25. Qe4 Rb3 26. Qxe6+ Kh8 27. Ng4 Qg8 28. Qf5 Re8 29. Kh1 Qe6 30. e4 Nxb4 31. Rec1 Bb6 32. Rc3 Rxb2 33. Qh5 Nc6 34. Rd1 Ne5 35. Rd8 Rxd8 36. Nxe5 Kg8 0-1

[Event "Capablanca Memorial op 45th"]
[Site "Havana"]
[Date "2010.06.14"]
[Round "5"]
[White "Fuentes Dominguez, Favio"]
[Black "De la Paz Perdomo, Frank"]
[Result "0-1"]
[WhiteElo "2253"]
[BlackElo "2477"]
[PlyCount "120"]
[EventDate "2010.06.10"]
[EventType "swiss"]
[EventRounds "10"]
[EventCountry "CUB"]
[SourceTitle "CBM 137 Extra"]
[Source "ChessBase"]
[SourceDate "2010.09.01"]
[SourceVersion "1"]
[SourceVersionDate "2010.09.01"]
[SourceQuality "1"]

1. d4 Nf6 2. c4 g6 3. Nc3 Bg7 4. e4 d6 5. Nf3 0-0 6. Be2 c6 7. 0-0 Na6 8. Re1 e5 9. Bf1 Bg4 10. dxe5 Bxf3 11. Qxf3 dxe5 12. Bg5 Nc5 13. Rad1 Qe7 14. Qg3 h6 15. Bc1 Rad8 16. f3 Ne6 17. Be3 b6 18. Qf2 Nh5 19. a3 Nd4 20. Rd3 Nf4 21. Rd2 Nfe6 22. b4 Kh7 23. Kh1 Bf6 24. Rb2 Bg5 25. Nd1 Rd7 26. Bxg5 hxg5 27. Ne3 Kg7 28. Ng4 Nf4 29. Qe3 f6 30. Qc3 Rfd8 31. Nf2 Nde6 32. g3 Nh5 33. Bh3 Rd4 34. Rc2 c5 35. Rb1 Nc7 36. Kg1 Kh7 37. Bf1 Ng7 38. Ng4 Nge6 39. Ne3 R4d7 40. Nd5 Nxd5 41. cxd5 Nd4 42. Rf2 Rc7 43. b5 f5 44. exf5 Rxd5 45. fxg6+ Kxg6 46. Bd3+ Kg7 47. Bc4 Rd6 48. Re1 Qf6 49. Qe3 Re7 50. Qe4 Qf5 51. Qa8 Rf6 52. Kg2 Rf8 53. Qd5 g4 54. f4 Nf3 55. Re3 Rd7 56. Qc6 Rd1 57. Rf1 Rxf1 58. Qc7+ Rf7 59. Bxf7 Rg1+ 60. Kf2 Qc2+ 0-1

[Event "Capablanca Memorial op 45th"]
[Site "Havana"]
[Date "2010.06.13"]
[Round "4"]
[White "De la Paz Perdomo, Frank"]
[Black "Ordunez Echarte, Dennys"]
[Result "1-0"]
[WhiteElo "2477"]
[BlackElo "2322"]
[PlyCount "39"]
[EventDate "2010.06.10"]
[EventType "swiss"]
[EventRounds "10"]
[EventCountry "CUB"]
[SourceTitle "CBM 137 Extra"]
[Source "ChessBase"]
[SourceDate "2010.09.01"]
[SourceVersion "1"]
[SourceVersionDate "2010.09.01"]
[SourceQuality "1"]

1. b3 e5 2. Bb2 Nc6 3. c4 Nf6 4. Nf3 Bc5 5. e3 e4 6. d4 exd3 7. Bxd3 d6 8. a3 Bg4 9. Qc2 Qe7 10. Nbd2 a5 11. 0-0 Rd8 12. Nd4 Ne5 13. Bf5 0-0 14. Rae1 g6 15. f4 Bxd4 16. exd4 Bxf5 17. Qc3 Rfe8 18. fxe5 dxe5 19. Rxe5 Qd6 20. c5 1-0

[Event "Capablanca Memorial op 45th"]
[Site "Havana"]
[Date "2010.06.12"]
[Round "3"]
[White "Ordaz Valdes, Lisandra Teresa"]
[Black "De la Paz Perdomo, Frank"]
[Result "1/2-1/2"]
[WhiteElo "2307"]
[BlackElo "2477"]
[PlyCount "20"]
[EventDate "2010.06.10"]
[EventType "swiss"]
[EventRounds "10"]
[EventCountry "CUB"]
[SourceTitle "CBM 137 Extra"]
[Source "ChessBase"]
[SourceDate "2010.09.01"]
[SourceVersion "1"]
[SourceVersionDate "2010.09.01"]
[SourceQuality "1"]

1. d4 Nf6 2. c4 g6 3. Nc3 Bg7 4. e4 d6 5. f4 0-0 6. Nf3 Na6 7. Bd3 e5 8. fxe5 dxe5 9. d5 Nc5 10. Be2 a5 1/2-1/2

[Event "Mexican op 56th"]
[Site "Monterrey"]
[Date "2010.04.02"]
[Round "5"]
[White "Onischuk, Alexander"]
[Black "De la Paz Perdomo, Frank"]
[Result "1-0"]
[WhiteElo "2687"]
[BlackElo "2469"]
[PlyCount "101"]
[EventDate "2010.03.30"]
[EventType "swiss"]
[EventRounds "9"]
[EventCountry "MEX"]
[SourceTitle "CBM 135 Extra"]
[Source "ChessBase"]
[SourceDate "2010.05.04"]
[SourceVersion "1"]
[SourceVersionDate "2010.05.04"]
[SourceQuality "1"]

1. e4 e5 2. Nf3 Nc6 3. Bb5 Bc5 4. 0-0 d6 5. c3 Bd7 6. d4 Bb6 7. dxe5 dxe5 8. Nbd2 Nge7 9. Nc4 f6 10. a4 Be6 11. b4 a6 12. Nxb6 cxb6 13. Qxd8+ Rxd8 14. Be2 a5 15. Rb1 axb4 16. cxb4 g5 17. b5 Na5 18. Rb4 Rc8 19. Be3 Bc4 20. Bxc4 Rxc4 21. Rfb1 Nc8 22. h4 g4 23. Nd2 Rc3 24. Nf1 Kf7 25. Rd1 Ke6 26. Ng3 Rc4 27. Rxc4 Nxc4 28. Nf5 N8d6 29. Nxd6 Nxd6 30. Bxb6 Nxe4 31. Rc1 Nd6 32. Rc7 Ra8 33. a5 h6 34. h5 f5 35. Rh7 Nxb5 36. Rxb7 Nd6 37. Rg7 Nc4 38. Rg6+ Kf7 39. Bc7 Rc8 40. Rxh6 Kg8 41. Rc6 Nd6 42. a6 Nb5 43. Rg6+ Kh7 44. Bxe5 Re8 45. Bf4 Nc3 46. Bd2 Ne4 47. Be3 g3 48. fxg3 Nc3 49. a7 Nd1 50. Bd4 f4 51. gxf4 1-0

[Event "CUB-ch 46th"]
[Site "Ciego de Avila"]
[Date "2010.01.16"]
[Round "4"]
[White "Quesada Perez, Yasser"]
[Black "De la Paz Perdomo, Frank"]
[Result "1-0"]
[WhiteElo "2423"]
[BlackElo "2486"]
[PlyCount "53"]
[EventDate "2010.01.13"]
[EventType "swiss"]
[EventRounds "9"]
[EventCountry "CUB"]
[SourceTitle "CBM 134 Extra"]
[Source "ChessBase"]
[SourceDate "2010.03.03"]
[SourceVersion "1"]
[SourceVersionDate "2010.03.03"]
[SourceQuality "1"]

1. e4 e5 2. Nf3 Nc6 3. Bb5 a6 4. Ba4 Nf6 5. 0-0 Be7 6. Re1 b5 7. Bb3 d6 8. c3 0-0 9. d4 Bg4 10. d5 Nb8 11. Nbd2 c6 12. h3 Bc8 13. dxc6 Nxc6 14. Nf1 h6 15. Ng3 Be6 16. a4 Qd7 17. Nh4 d5 18. exd5 Bxd5 19. Nhf5 Rad8 20. axb5 axb5 21. Bxd5 Qxd5 22. Qxd5 Nxd5 23. Ra6 Nb8 24. Ra5 Rfe8 25. Rxb5 Bf8 26. Ne4 Nc6 27. Nxh6+ 1-0

[Event "Mexican op 55th"]
[Site "Toluca"]
[Date "2009.04.09"]
[Round "3"]
[White "De la Paz Perdomo, Frank"]
[Black "Fleites Marti, Yuleikys"]
[Result "1/2-1/2"]
[WhiteElo "2491"]
[BlackElo "2228"]
[PlyCount "182"]
[EventDate "2009.04.07"]
[EventType "swiss"]
[EventRounds "9"]
[EventCountry "MEX"]
[SourceTitle "CBM 129 Extra"]
[Source "ChessBase"]
[SourceDate "2009.05.05"]
[SourceVersion "2"]
[SourceVersionDate "2009.05.20"]
[SourceQuality "1"]

1. e4 c5 2. Nf3 Nc6 3. Bb5 d6 4. c3 Bd7 5. d4 e5 6. 0-0 Nf6 7. Re1 Qc7 8. Bg5 Be7 9. Nbd2 0-0 10. dxc5 dxc5 11. Nc4 Rfe8 12. Ne3 Rad8 13. Bxf6 Bxf6 14. Nd5 Qd6 15. Qe2 Ne7 16. Rad1 Nxd5 17. Rxd5 Qe6 18. Red1 Bxb5 19. Qxb5 b6 20. a3 g6 21. b4 cxb4 22. axb4 Rc8 23. Qd3 Kg7 24. c4 Qc6 25. c5 bxc5 26. bxc5 a5 27. Ra1 Ra8 28. Qc4 Qa6 29. Qc3 Qb5 30. c6 Qb4 31. Qc2 a4 32. Rb1 Qe7 33. Ra1 Qb4 34. h4 a3 35. Ra2 Qa4 36. Rc5 Qxc2 37. Rcxc2 Rec8 38. g4 Ra5 39. g5 Be7 40. Rc3 Bd6 41. Rc1 Ra6 42. Rac2 a2 43. Ra1 Rcxc6 44. Raxa2 Rxa2 45. Rxc6 Bb8 46. Nh2 h5 47. Nf1 Ba7 48. Rf6 Rb2 49. Kg2 Bd4 50. Rf3 Re2 51. Ng3 Rc2 52. Kf1 Rc1+ 53. Ke2 Rc2+ 54. Ke1 Ra2 55. Nf1 Rc2 56. Ng3 Ra2 57. Kf1 Ra1+ 58. Kg2 Ra2 59. Rf6 Rc2 60. Nh1 Rb2 61. Rc6 Ra2 62. Rc1 Ra1 63. Rc2 Rb1 64. Rd2 Rb2 65. Rd1 Ra2 66. Re1 Ra1 67. Re2 Rb1 68. Rd2 Rb2 69. Rd1 Ra2 70. Re1 Ra1 71. Re2 Rb1 72. Ng3 Rb2 73. Rxb2 Bxb2 74. Nf1 Bc1 75. Nh2 f6 76. gxf6+ Kxf6 77. Nf3 Bf4 78. Ne1 g5 79. Nd3 gxh4 80. Nxf4 exf4 81. Kh3 f3 82. Kxh4 Ke5 83. Kxh5 Kxe4 84. Kg4 Ke5 85. Kxf3 Kf5 86. Kg3 Kg5 87. f4+ Kf5 88. Kf3 Kf6 89. Ke4 Ke6 90. Ke3 Kf5 91. Kf3 Kf6 1/2-1/2

[Event "Carlos Torre Memorial op 21st"]
[Site "Merida"]
[Date "2008.12.16"]
[Round "5"]
[White "Linares Napoles, Oleiny"]
[Black "De la Paz Perdomo, Frank"]
[Result "1-0"]
[WhiteElo "2262"]
[BlackElo "2491"]
[PlyCount "97"]
[EventDate "2008.12.13"]
[EventType "swiss"]
[EventRounds "9"]
[EventCountry "MEX"]
[SourceTitle "CBM 127 Extra"]
[Source "ChessBase"]
[SourceDate "2009.01.08"]
[SourceVersion "2"]
[SourceVersionDate "2009.01.28"]
[SourceQuality "1"]

1. Nf3 Nf6 2. b3 g6 3. Bb2 Bg7 4. e3 0-0 5. Be2 d6 6. 0-0 c6 7. c4 a6 8. d3 b5 9. a3 Nbd7 10. Nbd2 Rb8 11. Qc2 Bb7 12. Rac1 c5 13. cxb5 axb5 14. d4 Qb6 15. dxc5 dxc5 16. Rfd1 Rbc8 17. a4 bxa4 18. bxa4 Qa7 19. Bb5 Nb6 20. Nc4 Nbd5 21. Qb3 Rfd8 22. Nfe5 Ba8 23. Rd3 Qc7 24. Rcd1 Rf8 25. f3 Nb4 26. R3d2 Bd5 27. Bc3 Be6 28. Bxb4 Qxe5 29. Ba5 Qg5 30. Qa3 Nd5 31. Bd7 Nxe3 32. Qxe3 Qxe3+ 33. Nxe3 Ra8 34. Bxe6 Rxa5 35. Bd7 Bd4 36. Kf2 e5 37. Ke2 f5 38. Nc4 Ra7 39. Bc6 Rf6 40. Bb5 e4 41. fxe4 fxe4 42. Rf1 Rxf1 43. Kxf1 e3 44. Re2 Re7 45. Ke1 Kg7 46. Kd1 Kf6 47. Kc2 Kf5 48. Kd3 Kf4 49. g3+ 1-0

[Event "Carlos Torre Memorial op 21st"]
[Site "Merida"]
[Date "2008.12.14"]
[Round "2"]
[White "De la Paz Perdomo, Frank"]
[Black "Vega Garcia, Jorge Arturo"]
[Result "1-0"]
[WhiteElo "2491"]
[BlackElo "2274"]
[PlyCount "91"]
[EventDate "2008.12.13"]
[EventType "swiss"]
[EventRounds "9"]
[EventCountry "MEX"]
[SourceTitle "CBM 127 Extra"]
[Source "ChessBase"]
[SourceDate "2009.01.08"]
[SourceVersion "2"]
[SourceVersionDate "2009.01.28"]
[SourceQuality "1"]

1. e4 e5 2. Bc4 Nf6 3. d3 Bc5 4. Nf3 d6 5. c3 Bb6 6. Bb3 h6 7. Nbd2 c6 8. Nf1 Nbd7 9. Ng3 0-0 10. 0-0 Re8 11. Be3 Nc5 12. Bc2 a5 13. h3 Be6 14. Re1 Ncd7 15. d4 Bc7 16. Qd2 Qe7 17. Rad1 Nb6 18. b3 c5 19. Qc1 a4 20. dxc5 dxc5 21. Nh4 axb3 22. axb3 Nfd7 23. Nhf5 Bxf5 24. Nxf5 Qe6 25. Rd3 c4 26. bxc4 Nxc4 27. Bb3 b5 28. Red1 Nf8 29. Bxh6 Nd7 30. Be3 Nf8 31. Bh6 gxh6 32. Bxc4 bxc4 33. Rd6 Bxd6 34. Rxd6 Kh7 35. Qe3 Rac8 36. h4 Rc6 37. Rxe6 Rexe6 38. h5 Rc7 39. Qg3 f6 40. Qe3 Ra6 41. Qxh6+ Kg8 42. Qd2 Ne6 43. g3 Rac6 44. Kg2 Kh7 45. Qh6+ Kg8 46. Qg6+ 1-0

[Event "Capablanca Memorial op 43rd"]
[Site "Havana"]
[Date "2008.05.16"]
[Round "9"]
[White "De la Paz Perdomo, Frank"]
[Black "Ibarra Chami, Luis Fernando"]
[Result "1/2-1/2"]
[WhiteElo "2483"]
[BlackElo "2369"]
[PlyCount "21"]
[EventDate "2008.05.08"]
[EventType "swiss"]
[EventRounds "10"]
[EventCountry "CUB"]
[SourceTitle "CBM 124 Extra"]
[Source "ChessBase"]
[SourceDate "2008.07.03"]
[SourceVersion "1"]
[SourceVersionDate "2008.07.03"]
[SourceQuality "1"]

1. e4 c5 2. Nf3 Nc6 3. Bb5 d6 4. 0-0 Bd7 5. Re1 Nf6 6. c3 a6 7. Bf1 Bg4 8. d3 e5 9. Nbd2 Be7 10. h3 Bh5 11. a4 1/2-1/2

[Event "Capablanca Memorial op 43rd"]
[Site "Havana"]
[Date "2008.05.14"]
[Round "7"]
[White "De la Paz Perdomo, Frank"]
[Black "Hernandez Onna, Roman"]
[Result "0-1"]
[WhiteElo "2483"]
[BlackElo "2349"]
[PlyCount "52"]
[EventDate "2008.05.08"]
[EventType "swiss"]
[EventRounds "10"]
[EventCountry "CUB"]
[SourceTitle "CBM 124 Extra"]
[Source "ChessBase"]
[SourceDate "2008.07.03"]
[SourceVersion "1"]
[SourceVersionDate "2008.07.03"]
[SourceQuality "1"]

1. e4 e5 2. Nf3 Nc6 3. Bc4 Nf6 4. d3 Be7 5. 0-0 0-0 6. Re1 d6 7. a4 Na5 8. Ba2 c5 9. Nc3 Nc6 10. h3 Bd7 11. Bg5 h6 12. Bxf6 Bxf6 13. Nd5 Be6 14. Qd2 Rc8 15. c3 Kh7 16. b4 cxb4 17. cxb4 Nd4 18. Nxd4 exd4 19. Rec1 Bxd5 20. Bxd5 Qd7 21. Qa2 Kg8 22. Rc4 Rxc4 23. Qxc4 Be5 24. Qb5 Qe7 25. a5 Qg5 26. Bxb7 Bh2+ 0-1

[Event "Mexican op 54th"]
[Site "Aguascalientes"]
[Date "2008.03.22"]
[Round "7"]
[White "De la Paz Perdomo, Frank"]
[Black "Delgado Ramirez, Neuris"]
[Result "1/2-1/2"]
[WhiteElo "2441"]
[BlackElo "2546"]
[PlyCount "52"]
[EventDate "2008.03.18"]
[EventType "swiss"]
[EventRounds "9"]
[EventCountry "MEX"]
[SourceTitle "CBM 123 Extra"]
[Source "ChessBase"]
[SourceDate "2008.05.06"]
[SourceVersion "1"]
[SourceVersionDate "2008.05.06"]
[SourceQuality "1"]

1. e4 c5 2. Nf3 d6 3. d4 cxd4 4. Nxd4 Nf6 5. Nc3 Nc6 6. Bg5 e6 7. Qd2 a6 8. 0-0-0 h6 9. Be3 Bd7 10. f3 b5 11. g4 Ne5 12. Bd3 Qc7 13. Kb1 g6 14. h4 Nc4 15. Bxc4 Qxc4 16. g5 hxg5 17. Bxg5 Nh7 18. Bh6 b4 19. Nce2 Bxh6 20. Qxh6 e5 21. b3 Qc5 22. h5 0-0-0 23. hxg6 fxg6 24. Qg7 Rdg8 25. Qe7 Re8 26. Qg7 Reg8 1/2-1/2